The construction and engineering pre-action protocol (Record no. 74194)
[ view plain ]
| 000 -LEADER | |
|---|---|
| fixed length control field | 01654cab a2200217 4500 |
| 001 - CONTROL NUMBER | |
| control field | ABS67511 |
| 008 - FIXED-LENGTH DATA ELEMENTS--GENERAL INFORMATION | |
| fixed length control field | 040301n2003 000 0 eng u |
| 035 ## - SYSTEM CONTROL NUMBER | |
| System control number | (Sirsi) u125270 |
| 100 ## - MAIN ENTRY--PERSONAL NAME | |
| Personal name | Cummins, C. |
| 245 #4 - TITLE STATEMENT | |
| Title | The construction and engineering pre-action protocol |
| 260 ## - PUBLICATION, DISTRIBUTION, ETC. | |
| Date of publication, distribution, etc. | 2003 |
| 490 ## - SERIES STATEMENT | |
| Series statement | Construction Law Bulletin |
| Volume/sequential designation | December 2003, 37-43(7) |
| 520 ## - SUMMARY, ETC. | |
| Summary, etc. | The "Pre-Action protocol for the construction and engineering disputes (J109141) (the Protocol) came into force October 2000 and applies to all construction and engineering disputes (including professional negligence claims against architects, engineers and quantity surveyors). Evaluates how the Protocol is working and how it affects the treatment and conduct of cases in court. Based on the results of a questionnaire on the Protocol sent to members of the Technology and Construction Court Solicitors' Association. The Protocol came about as part of Lord Woolf's "Access to justice: final report to the Lord Chancellor on the civil justice system in England and Wales" (ISBN 0113800991) and the development of pre-action protocols. The aim of pre-action protocols is to expedite disputes by getting the parties to define and narrow the issues before proceedings were issued. Concludes that the Protocol is working well in practice but there are some areas that are open to abuse or where dissatisfaction has been expressed. |
| 590 ## - LOCAL NOTE (RLIN) | |
| Local note | ABS |
| 650 ## - SUBJECT ADDED ENTRY--TOPICAL TERM | |
| Topical term or geographic name entry element | PRE-ACTION PROTOCOL FOR THE CONSTRUCTION AND ENGINEERING DISPUTES |
| 650 ## - SUBJECT ADDED ENTRY--TOPICAL TERM | |
| Topical term or geographic name entry element | PRE-ACTION PROTOCOLS |
| 650 ## - SUBJECT ADDED ENTRY--TOPICAL TERM | |
| Topical term or geographic name entry element | CIVIL PROCEDURE RULES |
| 650 ## - SUBJECT ADDED ENTRY--TOPICAL TERM | |
| Topical term or geographic name entry element | LITIGATION |
| 690 ## - LOCAL SUBJECT ADDED ENTRY--TOPICAL TERM (OCLC, RLIN) | |
| Topical term or geographic name as entry element | Dispute resolution |
| 9 (RLIN) | 6236 |
| 942 ## - ADDED ENTRY ELEMENTS (KOHA) | |
| Suppress in OPAC | 0 |
| Withdrawn status | Lost status | Source of classification or shelving scheme | Damaged status | Not for loan | Home library | Current library | Shelving location | Date acquired | Total Checkouts | Full call number | Barcode | Date last seen | Copy number | Price effective from | Koha item type |
|---|---|---|---|---|---|---|---|---|---|---|---|---|---|---|---|
| Dewey Decimal Classification | London | London | Journal article | 01/03/2004 | ABS67511 | 125270-1001 | 06/08/2019 | 1 | 06/08/2019 | Journal article |